LIBRARY & INFORMATION CENTRE, KCAET, TAVANUR

ONLINE PUBLIC ACCESS CATALOGUE (OPAC)

Agricultural Nanotechnology | Basics And Practicals (Record no. 17412)

MARC details
000 -LEADER
fixed length control field 00458nam a22001697a 4500
003 - CONTROL NUMBER IDENTIFIER
control field OSt
008 - FIXED-LENGTH DATA ELEMENTS--GENERAL INFORMATION
fixed length control field 210913b ||||| |||| 00| 0 eng d
020 ## - INTERNATIONAL STANDARD BOOK NUMBER
ISBN 9789387973855
082 ## - DEWEY DECIMAL CLASSIFICATION NUMBER
Classification number 630.2
Item number MAN/AG
100 ## - MAIN ENTRY--AUTHOR NAME
Personal name Mandal ,Nintu
100 ## - MAIN ENTRY--AUTHOR NAME
Personal name Dey,Abir
100 ## - MAIN ENTRY--AUTHOR NAME
Personal name Das,Anupam
245 ## - TITLE STATEMENT
Title Agricultural Nanotechnology
Remainder of title Basics And Practicals
260 ## - PUBLICATION, DISTRIBUTION, ETC. (IMPRINT)
Place of publication New Delhi
Name of publisher New India Publishing Agency
Year of publication 2019
300 ## - PHYSICAL DESCRIPTION
Number of Pages 76 pages
942 ## - ADDED ENTRY ELEMENTS (KOHA)
Koha item type Books
Holdings
Withdrawn status Lost status Damaged status Home library Current library Shelving location Date acquired Cost, normal purchase price Full call number Accession Number Koha item type
      KAUAET KAUAET NAHEP-CAAST Project 07/09/2021 995.00 630.2 MAN/AG 25994 Books
free website counter